An introduction to the principles of communication theory
Bewaard in:
| Hoofdauteur: | |
|---|---|
| Formaat: | Boek |
| Taal: | Engels |
| Gepubliceerd in: |
Nueva York
McGraw-Hill
1961
|
| Onderwerpen: | |
| Tags: |
Voeg label toe
Geen labels, Wees de eerste die dit record labelt!
|
MARC
| LEADER | 00000nam a2200000 a 4500 | ||
|---|---|---|---|
| 001 | UCU5985 | ||
| 003 | CL-VaPUC | ||
| 008 | 960614e19610000US |||||||||||||||||eng|d | ||
| 082 | 0 | 4 | |a 621.382 |b HAN |2 21 |
| 100 | 0 | |a Hancock, John C |e author |9 364076 | |
| 245 | 1 | 3 | |a An introduction to the principles of communication theory |
| 300 | |a 253 p | ||
| 942 | |c BK | ||
| 945 | |d 19960614 00:00:00 |a cmena | ||
| 260 | |a Nueva York |b McGraw-Hill |c 1961 | ||
| 650 | 0 | |a Telecomunicaciones |9 257195 | |
| 650 | 7 | |a FRECUENCIAS |2 CL-VaPUC |9 360857 | |
| 650 | 7 | |a MODULACION |2 CL-VaPUC |9 364077 | |
| 650 | 0 | |a Redes de información |9 230208 | |
| 650 | 7 | |a RUIDO |2 CL-VaPUC |9 263306 | |
| 583 | |a last modification |c 19960614 00:00:00 |k Rodrigo Vera | ||
| 999 | |c 249091 |d 249089 | ||
| 952 | |0 0 |1 0 |4 0 |6 621_382000000000000_HAN_1961 |7 0 |8 A |9 266126 |a BIBING |b BIBING |d 2019-11-19 |i 1678299 |o 621.382 HAN 1961 |p 1678299 |r 2025-01-20 |w 2019-11-19 |y BK |k EIE | ||